=LDR 00000nam 2200000 4500 =001 INLIS000000000022207 =005 20130612121004 =008 ***********************************Ind** =035 ##$$0010-061300000022207 =041 ##$$a Ind =082 ##$$a 616.5 =090 ##$$a 616.5, Jai w =100 ##$$a Jain, Poonam =245 ##$$a Wajah cantik tanpa jerawat, Poonam Jain =260 ##$$a 2005 $b Yogyakarta =300 ##$$a 121hlm, 15 cm =650 ##$$a Jerawat =850 ##$$a NBPNMAT